000 00775cam a2200229Ki 4500
008
020 _a9781118928684 (hbk.)
049 _aMAIN
090 _aTL685.35
_bADV
245 0 0 _aAdvanced UAV aerodynamics, flight stability, and control :
_bnovel concepts, theory and applications
_cedited by Pascual Marques and Andrea Da Ronch
264 1 _aChichester :
_bJohn Wiley & Sons,
_c2017
300 _axvii, 754 p. :
_bill. (some col.) ;
_c25 cm
504 _aIncludes bibliographical references.
500 _aIncludes index.
650 0 _aDrone aircraft
650 _aFlight stability.
907 _a.b10392919
_b27-09-18
_c26-09-18
003
005 20230123141126.0
040 _cNUST
942 _cBOOKS
_kTL685.35
_mADV
999 _c168125
_d168125